|
|
|
|
| LEADER |
00000nab a2200000 a 4500 |
| 001 |
vtls000761849 |
| 003 |
SK-MaSNL |
| 005 |
20260304181933.0 |
| 008 |
160405c2000 xo 0 slo |
| 015 |
|
|
|a SNBRB2001/07-20721
|
| 035 |
|
|
|a CLN000113636
|
| 040 |
|
|
|a SNKBUCL
|b slo
|c SNKBUCL
|e AACR2
|
| 041 |
0 |
|
|a slo
|
| 044 |
|
|
|a xo
|c SK
|
| 080 |
|
|
|a 615.322:616-006-085:061.3
|2 1997
|
| 080 |
|
|
|a 582.937
|2 1997
|
| 245 |
0 |
0 |
|a Vinca alkaloidy v liečbe nemalobunkového karcinómu pľúc
|c R. Hrubý ... [et al.]
|
| 650 |
0 |
7 |
|a alkaloidy
|2 snkbucl
|9 22122
|
| 650 |
0 |
7 |
|a pľúca
|2 snkbucl
|9 16489
|
| 650 |
0 |
7 |
|a bronchogénny karcinóm
|2 snkbucl
|9 76111
|
| 650 |
0 |
7 |
|a rádioterapia
|2 snkbucl
|9 2580
|
| 650 |
0 |
7 |
|a histológia
|2 snkbucl
|9 2480
|
| 650 |
0 |
7 |
|a platina
|2 snkbucl
|9 14614
|
| 655 |
|
7 |
|a články z novín a časopisov
|2 snkbucl
|9 267496
|
| 700 |
1 |
|
|a Hrubý, R.
|4 aut
|9 776906
|
| 700 |
1 |
|
|a Nosáľová, Gabriela,
|d 1942-
|4 aut
|9 7299
|
| 700 |
1 |
|
|a Rozborilová, Eva,
|d 1942-
|4 aut
|9 200696
|
| 700 |
1 |
|
|a Šimová, E.
|4 aut
|9 783398
|
| 711 |
2 |
|
|a Farmakologické dny
|n (50. :
|d 2000 :
|c Praha, Česko)
|4 aut
|9 132821
|
| 773 |
0 |
|
|x 1210-6313
|t Československá fyziologie
|g Roč. 49, č. 4 (2000), s. 169
|
| 850 |
|
|
|a Slovenská národná knižnica v Martine
|
| 852 |
|
|
|a SNK
|b KIS3GCP
|
| 958 |
|
|
|a MI
|
| 958 |
|
|
|a RBX
|
| 999 |
|
|
|c 3026821
|d 3028751
|